Almanach royal année bissextile M. D.CC. LXVIII (Record no. 8281)

MARC details
000 -CABECERA
campo de control de longitud fija 01035nam a2200301 a 4500
001 - NÚMERO DE CONTROL
campo de control BRCA_8620
005 - FECHA Y HORA DE LA ÚLTIMA TRANSACCIÓN
campo de control 20190320210340.0
008 - DATOS DE LONGITUD FIJA--INFORMACIÓN GENERAL
campo de control de longitud fija 210916s1768----fr-#######---#000-0#fre-#
041 ## - CÓDIGO DE LENGUA
Código de lengua del texto/banda sonora o título independiente fre
044 ## - CÓDIGO DEL PAÍS DE LA ENTIDAD EDITORA/PRODUCTORA
Código MARC del país fr
050 #4 - SIGNATURA TOPOGRÁFICA DE LA BIBLIOTECA DEL CONGRESO
Número de clasificación AY30
Número de documento/Ítem .A16
-- 1768
245 10 - MENCIÓN DE TÍTULO
Título Almanach royal année bissextile M. D.CC. LXVIII
Resto del título presente a S.A. majesté por la premiere fois en 1699.
260 ## - PUBLICACIÓN, DISTRIBUCIÓN, ETC.
Lugar de publicación, distribución, etc. París
Nombre del editor, distribuidor, etc. Chez le breton
Fecha de publicación, distribución, etc. 1768
300 ## - DESCRIPCIÓN FÍSICA
Extensión 542 p.
Dimensiones 29 cm
500 ## - NOTA GENERAL
Nota general Fondo antiguo
500 ## - NOTA GENERAL
Nota general Se encuentra en Caja Fuerte
500 ## - NOTA GENERAL
Nota general COE-109
500 ## - NOTA GENERAL
Nota general Grabado en portada
500 ## - NOTA GENERAL
Nota general Contiene tablas
500 ## - NOTA GENERAL
Nota general Incluye tabla de materias
500 ## - NOTA GENERAL
Nota general Con Ex-libris de: Franz Mayer
500 ## - NOTA GENERAL
Nota general Nota de encuadernación: piel sobre cartón, ordamentos del escudo y cantos dorados
500 ## - NOTA GENERAL
Nota general En portada: Avec approbation et privilegio du roi
506 0# - NOTA DE RESTRICCIONES AL ACCESO
Limitaciones de acceso Fondo reservado: para su consulta es necesario credencial de usuario y carta de motivos
650 14 - PUNTO DE ACCESO ADICIONAL DE MATERIA--TÉRMINO DE MATERIA
Término de materia o nombre geográfico como elemento de entrada Almanaques
Término indicativo de función/relación Francés
9 (RLIN) 16369
902 ## - CATALOGADOR
Iniciales LAR
942 ## - ELEMENTOS DE PUNTO DE ACCESO ADICIONAL (KOHA)
Fuente del sistema de clasificación o colocación Library of Congress Classification
Tipo de ítem Koha Libros
Holdings
Estado de retiro Estado de pérdida Estado dañado No para préstamo Localización permanente Ubicación/localización actual Fecha de adquisición Número de inventario Total de préstamos Signatura topográfica completa Código de barras Fecha visto por última vez Precio válido a partir de Tipo de ítem Koha
El ejemplar forma parte de la colección y puede ser consultado según las políticas vigentes.       Biblioteca del Museo Franz Mayer (Rogerio Casas-Alatriste) Biblioteca del Museo Franz Mayer (Rogerio Casas-Alatriste) 21/09/2016 COE-109   AY30 .A16 1768 (COE-109) LAR00124 22/03/2019 22/03/2019 Libros